Phương pháp quy hoạch chiến lược sử dụng bền vững tài nguyên đất và nước vùng ven biển đồng bằng sông Cửu Long (Luận án tiến sĩ. Ngành Môi trường đất và nươc)

Nghiên cứu thực hiện nhằm mục tiêu xây dựng khung phương pháp quy hoạch chiến lược sử dụng bền vững nguồn tài nguyên đất và nước để giải quyết vấn đề tương tác giữa các yếu tố trong sử dụng đất đai. Phương pháp nghiên cứu dựa tr...

Täydet tiedot

Tallennettuna:
Bibliografiset tiedot
Päätekijä: Phạm, Thanh Vũ
Aineistotyyppi: Kirja
Kieli:Undetermined
Julkaistu: Cần Thơ Trường Đại học Cần Thơ 2015
Aiheet:
Tagit: Lisää tagi
Ei tageja, Lisää ensimmäinen tagi!
Thư viện lưu trữ: Trung tâm Học liệu Trường Đại học Cần Thơ
LEADER 01331nam a2200205Ia 4500
001 CTU_199027
008 210402s9999 xx 000 0 und d
082 |a 658.408 
082 |b V500 
100 |a Phạm, Thanh Vũ 
245 0 |a Phương pháp quy hoạch chiến lược sử dụng bền vững tài nguyên đất và nước vùng ven biển đồng bằng sông Cửu Long 
245 0 |b (Luận án tiến sĩ. Ngành Môi trường đất và nươc) 
245 0 |c Phạm Thanh Vũ ; Nguyễn Hiếu Trung, Lê Quang Trí (cán bộ hướng dẫn) 
260 |a Cần Thơ 
260 |b Trường Đại học Cần Thơ 
260 |c 2015 
520 |a Nghiên cứu thực hiện nhằm mục tiêu xây dựng khung phương pháp quy hoạch chiến lược sử dụng bền vững nguồn tài nguyên đất và nước để giải quyết vấn đề tương tác giữa các yếu tố trong sử dụng đất đai. Phương pháp nghiên cứu dựa trên phân tích đa chủ thể. 
650 |a Quản lý môi trường,Environmental management 
904 |i Nguyên (Đinh Mỹ Hoa Lê) 
980 |a Trung tâm Học liệu Trường Đại học Cần Thơ